000
00314nam a22001337a 4500
003
SGT
020
_a
978-3-391-34931-2
082
_a
746.0954
_b
GUY
100
_a
GUY, JOHN
245
_a
INDIAN TEXTILES: THE KARUN THAKAR COLLECTION
260
_a
NEW YORK
_b
PRESTEL PUB.
_c
2014
300
_a
224
942
_2
ddc
_c
BK
999
_c
24656
_d
24656